000 00354 a2200109 4500
001 ART_10616
005 20260410161830.0
008 260409a
245 1 0 _aPrivatización y marco regulatorio de las telecomunicaciones
100 1 _aColomé, Rinaldo A.
773 0 _tActualidad Económica
_g- Año V, Nº 30 (ene./feb. 1996)
_wREV5083
999 _c23168
_d23168